| 000 | 00373nam a22001337a 4500 | ||
|---|---|---|---|
| 082 | _aP-160 | ||
| 100 |
_aCapt Malik Azhar Mahmood _947598 |
||
| 245 |
_aProject soil engineering trafficability _cCapt Malik Azhar Mahmood, Capt Riaz Ahmed Khan |
||
| 260 | _c23-4-2000 | ||
| 300 | _a147 p,: | ||
| 526 |
_a0 _b0 _c0 _dP_160 |
||
| 650 |
_aProject OD-27 _947599 |
||
| 942 |
_2ddc _cBK |
||
| 999 |
_c550790 _d550790 |
||